=LDR 00000nam 2200000 4500 =001 INLIS000000000044469 =005 20210210091945 =035 ##$$a 0010-101300000002391 =008 210210################g##########0#ind## =041 ##$$a Ind =082 ##$$a 334 =090 ##$$a 334 , Mur, p =100 ##$$a Nurdin, Bahri =245 1#$$a Pengembangan modal bergulir koperasi melalui pemupukan SHU milik anggota /$c Bahri Nurdin =850 ##$$a NBPNMAT =020 ##$$a 979-8140-76-1 =084 ##$$a 334 NUR p =260 ##$$a Jakarta :$b Fakultas Ekonomi Universitas Indonesia,$c 1997 =300 ##$$a viii, 98 hlm. ; $c 20 x 14 cm. =650 #4$$a Koperasi - Bergulir =990 ##$$a 1199701632